| 000 | 00892nam a2200217Ii 4500 | ||
|---|---|---|---|
| 003 | JO-AjNU | ||
| 008 | 230605s9999||||xx |||||||||||||| ||und|| | ||
| 017 | _a2003/9/2018 | ||
| 040 |
_aJO-AjNU _bara _erda _cJO-AjNU |
||
| 041 | _aara | ||
| 050 | 1 | 4 | _aK891.B8.S48 2003 |
| 100 | 3 |
_aإعداد الإتحاد الدولي للمهندسيين الإستشاريين فيدك؛ ترجمة داود خلف, _eauthor _911188 |
|
| 245 | 0 | 0 | _aالشروط العامة لعقود فيديك النموذجية (الإتحاد الدولي للمهندسين الاستشاريين) |
| 250 | _aط1 | ||
| 264 | 3 | 1 | _aعمان: المؤلف، 2003 |
| 300 | _a106ص | ||
| 336 |
_atext _btxt _2rdacontent |
||
| 337 |
_aunmediated _bn _2rdamedia |
||
| 338 |
_avolume _bnc _2rdacarrier |
||
| 650 | 4 |
_aالعقود - العقود الإنشائية - عقود المقاوليين - عقود فيدك _911189 |
|
| 999 |
_aA2194 _c5762 _d5762 |
||